00488nam a2200169Ia 4500003000400000008004100004040000800045100003700053245003600090260001300126260002600139260000900165300001000174942000700184952011000191999001700301RNL090707b ii f a fnsan d aRCL aGhuman, Bikram Singh, ed.926090 aSufimat ate Punjabi Sufi kaav aAmritsar bWaris Shah Foundation c2009 a256p. cBK 00102ddc40708PunaRNLbRNLcGENd2018-10-02l1p48483r2024-06-19s2024-02-07v250.00w2018-10-02yBK c22694d22694